[Event "Szuperliga - GM Szabo Laszlo csoport"]
[Site "Mako"]
[Date "2024.12.14"]
[Round "3.7"]
[White "Neugebauer, Martin"]
[Black "Szalai, Kornel"]
[Result "1/2-1/2"]
[WhiteElo "2519"]
[BlackElo "2368"]
[PlyCount "153"]
[GameId "2123349938578551"]
[EventDate "2024.11.02"]
[EventType "team-tourn"]
[EventRounds "9"]
[EventCountry "HUN"]
[Source "chess.hu"]
[WhiteTeam "Sentimento Ajka BSK"]
[BlackTeam "Duocor-Makoi SVSE"]
[WhiteTeamCountry "HUN"]
[BlackTeamCountry "HUN"]

1. e4 c5 2. Nf3 Nc6 3. Bb5 Na5 4. O-O a6 5. Be2 d6 6. d4 cxd4 7. Nxd4 Nf6 8. Nc3 e6 9. f4 Be7 10. Be3 Qc7 11. Qe1 b5 12. a3 Bb7 13. Qg3 g6 14. e5 Ne4 15. Nxe4 Bxe4 16. Bd3 Bb7 17. Rad1 Nc4 18. Bxc4 bxc4 19. f5 O-O-O 20. fxe6 dxe5 21. Rxf7 Rhe8 22. Bg5 Rxd4 23. Rxd4 Qc5 24. Bxe7 Qxd4+ 25. Qf2 Bd5 26. c3 Qd1+ 27. Qf1 Qxf1+ 28. Kxf1 h5 29. Rg7 Bxe6 30. Bd6 Bf5 31. Rc7+ Kd8 32. Ra7 Re6 33. Bc5 Kc8 34. Ke2 Rc6 35. Be3 Bg4+ 36. Kf2 Bf5 37. a4 Bd7 38. a5 Rd6 39. Ke2 Bc6 40. Re7 Bxg2 41. Bb6 e4 42. Rc7+ Kb8 43. Rxc4 Bf3+ 44. Ke3 Rd3+ 45. Kf4 g5+ 46. Kxg5 e3 47. Bc7+ Kc8 48. Bg3+ Kd8 49. Rc5 e2 50. Re5 Kd7 51. Kf4 Bg4 52. Re3 Rxe3 53. Kxe3 Kc6 54. Kd4 Be6 55. c4 Bg4 56. Be1 Be6 57. Bf2 Bf7 58. b3 Be6 59. Ke5 Bg4 60. Kf6 Bh3 61. Kg5 Bg4 62. b4 Bf3 63. h3 Bg2 64. Kh4 Bf3 65. Kg3 Be4 66. Kf4 Bg2 67. Kg3 Be4 68. Be1 Bf5 69. Kh4 Be6 70. Bf2 Bf5 71. Be1 Be6 72. c5 Bf5 73. Kg3 Be6 74. h4 Kb5 75. Kf3 Bg4+ 76. Ke4 Kc6 77. Ke5 1/2-1/2

[Event "Szuperliga - GM Szabo Laszlo csoport"]
[Site "Mako"]
[Date "2024.12.14"]
[Round "3.8"]
[White "Tatar Kis, Szabolcs"]
[Black "Korpa, Bence"]
[Result "0-1"]
[WhiteElo "2322"]
[BlackElo "2540"]
[PlyCount "62"]
[GameId "2123349980492935"]
[EventDate "2024.11.02"]
[EventType "team-tourn"]
[EventRounds "9"]
[EventCountry "HUN"]
[Source "chess.hu"]
[WhiteTeam "Duocor-Makoi SVSE"]
[BlackTeam "Sentimento Ajka BSK"]
[WhiteTeamCountry "HUN"]
[BlackTeamCountry "HUN"]

1. e4 c6 2. d4 d5 3. e5 Bf5 4. h4 Qb6 5. a4 c5 6. Bb5+ Nc6 7. Nc3 O-O-O 8. a5 Qc7 9. Be3 cxd4 10. Bxd4 e6 11. a6 Nxd4 12. axb7+ Kb8 13. Qxd4 Bc5 14. Qf4 Ne7 15. Nf3 d4 16. Ne2 Nd5 17. Qg3 Nb4 18. O-O Nxc2 19. Ra4 Qb6 20. Bc4 d3 21. Nc3 Qxb2 22. Nb5 d2 23. Nd6 Nd4 24. Qf4 Nxf3+ 25. gxf3 d1=Q 26. Rxd1 Qxf2+ 27. Kh1 Be3 28. Rf1 Qxf1+ 29. Bxf1 Bxf4 30. Rxf4 Rxd6 31. exd6 Rd8 0-1

[Event "Szuperliga - GM Szabo Laszlo csoport"]
[Site "Mako"]
[Date "2024.12.14"]
[Round "3.9"]
[White "Gaal, Zsoka"]
[Black "Terbe, Julianna"]
[Result "1/2-1/2"]
[WhiteElo "2418"]
[BlackElo "2225"]
[PlyCount "92"]
[GameId "2123350021895319"]
[EventDate "2024.11.02"]
[EventType "team-tourn"]
[EventRounds "9"]
[EventCountry "HUN"]
[Source "chess.hu"]
[WhiteTeam "Sentimento Ajka BSK"]
[BlackTeam "Duocor-Makoi SVSE"]
[WhiteTeamCountry "HUN"]
[BlackTeamCountry "HUN"]

1. Nf3 d5 2. b3 Nf6 3. Bb2 Bf5 4. g3 e6 5. Bg2 h6 6. d3 Be7 7. O-O O-O 8. Nbd2 c6 9. Qe1 a5 10. a3 Nbd7 11. e4 Bh7 12. Qe2 Qb6 13. Rab1 Qa6 14. Rfe1 Rfd8 15. h3 Rac8 16. Nh2 b5 17. Ng4 dxe4 18. Nxe4 Nxg4 19. hxg4 a4 20. b4 c5 21. Bc3 c4 22. Bd4 e5 23. Be3 cxd3 24. cxd3 Nf6 25. Rbc1 Qe6 26. g5 Nd5 27. gxh6 Nxe3 28. Qxe3 Qxh6 29. Qxh6 gxh6 30. Bf1 f5 31. Nc5 Bg5 32. Rcd1 f4 33. Bh3 Rc6 34. Bg2 Rb6 35. Rxe5 fxg3 36. fxg3 Bf6 37. Re2 Bd4+ 38. Kh2 Bf5 39. Rde1 Rg6 40. Re8+ Rxe8 41. Rxe8+ Kf7 42. Re2 Rg5 43. Bf3 h5 44. Nb7 Kf6 45. Nd6 Bg6 46. Ne4+ Ke5 1/2-1/2

[Event "Szuperliga - GM Szabo Laszlo csoport"]
[Site "Mako"]
[Date "2024.12.14"]
[Round "3.10"]
[White "Meszaros-Csonka, David"]
[Black "Pasti, Aron"]
[Result "0-1"]
[WhiteElo "2076"]
[BlackElo "2367"]
[PlyCount "50"]
[GameId "2123350066021543"]
[EventDate "2024.11.02"]
[EventType "team-tourn"]
[EventRounds "9"]
[EventCountry "HUN"]
[Source "chess.hu"]
[WhiteTeam "Duocor-Makoi SVSE"]
[BlackTeam "Sentimento Ajka BSK"]
[WhiteTeamCountry "HUN"]
[BlackTeamCountry "HUN"]

1. d4 Nf6 2. Bg5 g6 3. Bxf6 exf6 4. e3 d5 5. c4 dxc4 6. Bxc4 Bg7 7. Nc3 O-O 8. Nge2 f5 9. h4 c5 10. dxc5 Qa5 11. h5 Qxc5 12. Bb3 Nc6 13. hxg6 hxg6 14. Nd5 Be6 15. Nef4 Rfd8 16. Rc1 Qa5+ 17. Kf1 Bxb2 18. Rc2 Be5 19. Qf3 Bxf4 20. Qxf4 Rxd5 21. Rxc6 Qb5+ 22. Ke1 Qxc6 23. Qh6 Qc3+ 24. Ke2 Rd2+ 25. Kf3 Qg7 0-1

[Event "Szuperliga - GM Szabo Laszlo csoport"]
[Site "Szeged"]
[Date "2024.12.14"]
[Round "3.1"]
[White "Kozak, Adam"]
[Black "Perunovic, Milos"]
[Result "1-0"]
[WhiteElo "2595"]
[BlackElo "2503"]
[PlyCount "93"]
[GameId "2124574927430086"]
[EventDate "2024.11.02"]
[EventType "team-tourn"]
[EventRounds "9"]
[EventCountry "HUN"]
[Source "chess.hu"]
[WhiteTeam "ASE Paks"]
[BlackTeam "Maroczy SE"]
[WhiteTeamCountry "HUN"]
[BlackTeamCountry "HUN"]

1. c4 c5 2. Nf3 Nc6 3. Nc3 Nf6 4. d4 cxd4 5. Nxd4 e6 6. g3 Bc5 7. Nb3 Be7 8. Bg2 O-O 9. O-O d6 10. Nd4 Bd7 11. Ndb5 Qb8 12. Bg5 a6 13. Bxf6 gxf6 14. Nd4 Qa7 15. Nxc6 Bxc6 16. Qd3 Rac8 17. b3 Rfd8 18. Rac1 Be8 19. a4 Qb6 20. Rb1 Qb4 21. Rfc1 Rb8 22. Qe3 Qc5 23. Qd2 Qg5 24. Qd4 Qe5 25. Qd2 Qg5 26. e3 f5 27. Qd3 Rdc8 28. Ne2 Qg7 29. Qd1 Qe5 30. Nd4 Bf8 31. b4 Rc7 32. b5 axb5 33. cxb5 d5 34. a5 Ra8 35. Qd2 Ba3 36. Rd1 Rc4 37. Bf1 Ra4 38. a6 bxa6 39. bxa6 Bc5 40. Qc3 Qd6 41. Rb7 Ra3 42. Qb2 Ra4 43. Rb1 Ba7 44. Rxa7 Rxa7 45. Qb8 Qxb8 46. Rxb8 Kf8 47. Bb5 1-0

[Event "Szuperliga - GM Szabo Laszlo csoport"]
[Site "Szeged"]
[Date "2024.12.14"]
[Round "3.2"]
[White "Stankovic, Milos"]
[Black "Papp, Gabor"]
[Result "1/2-1/2"]
[WhiteElo "2462"]
[BlackElo "2507"]
[PlyCount "74"]
[GameId "2124579620193535"]
[EventDate "2024.11.02"]
[EventType "team-tourn"]
[EventRounds "9"]
[EventCountry "HUN"]
[Source "chess.hu"]
[WhiteTeam "Maroczy SE"]
[BlackTeam "ASE Paks"]
[WhiteTeamCountry "HUN"]
[BlackTeamCountry "HUN"]

1. e4 c5 2. c3 d5 3. exd5 Qxd5 4. d4 Nf6 5. Nf3 e6 6. Na3 a6 7. Nc4 Nbd7 8. Be2 b5 9. Ne3 Qc6 10. O-O Bb7 11. a4 Qb6 12. axb5 axb5 13. Rxa8+ Bxa8 14. dxc5 Bxc5 15. Qb3 b4 16. Nc4 Qb8 17. cxb4 Qxb4 18. Qxb4 Bxb4 19. Bd2 Bxd2 20. Nfxd2 Ke7 21. Ra1 Bd5 22. Ra7 Ra8 23. Rxa8 Bxa8 24. Bf3 Bxf3 25. Nxf3 Nd5 26. Kf1 f6 27. g3 e5 28. Ke2 Nc5 29. Ne3 Ke6 30. Nxd5 Kxd5 31. Ke3 f5 32. h4 g6 33. Ng5 h5 34. Nf7 Ke6 35. Ng5+ Kd5 36. Nf7 Ke6 37. Ng5+ Kd5 1/2-1/2

[Event "Szuperliga - GM Szabo Laszlo csoport"]
[Site "Szeged"]
[Date "2024.12.14"]
[Round "3.3"]
[White "Berkes, Ferenc"]
[Black "Palkovi, Jozsef"]
[Result "1-0"]
[WhiteElo "2602"]
[BlackElo "2369"]
[PlyCount "74"]
[GameId "2124580185933104"]
[EventDate "2024.11.02"]
[EventType "team-tourn"]
[EventRounds "9"]
[EventCountry "HUN"]
[Source "chess.hu"]
[WhiteTeam "ASE Paks"]
[BlackTeam "Maroczy SE"]
[WhiteTeamCountry "HUN"]
[BlackTeamCountry "HUN"]

1. d4 Nf6 2. Nf3 e6 3. g3 b5 4. Bg2 Bb7 5. O-O c5 6. c3 Be7 7. Qd3 a6 8. Bg5 c4 9. Qc2 d5 10. Bxf6 Bxf6 11. Nbd2 O-O 12. e4 Nd7 13. Rfe1 Be7 14. h4 Re8 15. Re2 h6 16. Rae1 Nf6 17. Ne5 Bf8 18. exd5 Bxd5 19. Ne4 Nxe4 20. Bxe4 Bxe4 21. Rxe4 Bd6 22. Qe2 Qc7 23. Qh5 Red8 24. Rg4 Kf8 25. Rf4 Bxe5 26. Rxe5 Qd7 27. g4 f6 28. g5 Ke7 29. gxf6+ gxf6 30. Re3 Rg8+ 31. Kf1 Raf8 32. Rfe4 f5 33. Rxe6+ Qxe6 34. Qxh6 Qxe3 35. Qxe3+ Kd7 36. d5 Rf6 37. Qa7+ Ke8 1-0

[Event "Szuperliga - GM Szabo Laszlo csoport"]
[Site "Szeged"]
[Date "2024.12.14"]
[Round "3.4"]
[White "Peczely, Sebastian Zsombor"]
[Black "Acs, Peter"]
[Result "1-0"]
[WhiteElo "2305"]
[BlackElo "2582"]
[PlyCount "95"]
[GameId "2124580820063618"]
[EventDate "2024.11.02"]
[EventType "team-tourn"]
[EventRounds "9"]
[EventCountry "HUN"]
[Source "chess.hu"]
[WhiteTeam "Maroczy SE"]
[BlackTeam "ASE Paks"]
[WhiteTeamCountry "HUN"]
[BlackTeamCountry "HUN"]

1. e4 c5 2. Nf3 e6 3. d4 cxd4 4. Nxd4 Nc6 5. Nc3 Qc7 6. Be3 a6 7. Qf3 Nf6 8. O-O-O d6 9. Nxc6 bxc6 10. g4 Rb8 11. Kb1 Be7 12. g5 Nd7 13. Qg3 Qa5 14. Bd2 Qb6 15. b3 Nc5 16. Bf4 e5 17. Be3 Qb4 18. Bd2 Qb7 19. Bc4 Be6 20. Bxe6 Nxe6 21. Bc1 O-O 22. h4 f5 23. Qh3 Nd4 24. f4 fxe4 25. Nxe4 c5 26. Rhe1 exf4 27. Bb2 Rf7 28. h5 Qc8 29. Qd3 Qf5 30. Bxd4 cxd4 31. Qxd4 Bxg5 32. Nxd6 Qd7 33. Nxf7 Qxd4 34. Rxd4 Kxf7 35. Rd7+ Kf6 36. Rd6+ Kf5 37. Rd5+ Kf6 38. c4 g6 39. hxg6 hxg6 40. Kc2 Bh4 41. Rf1 g5 42. Kd3 Re8 43. c5 Re3+ 44. Kd2 Ke6 45. Rd3 Re5 46. c6 Rc5 47. Rc1 Bf2 48. Rxc5 1-0

[Event "Szuperliga - GM Szabo Laszlo csoport"]
[Site "Szeged"]
[Date "2024.12.14"]
[Round "3.5"]
[White "Popovic, Dusan"]
[Black "Papp, Bence"]
[Result "1-0"]
[WhiteElo "2485"]
[BlackElo "2272"]
[PlyCount "89"]
[GameId "2124582179210815"]
[EventDate "2024.11.02"]
[EventType "team-tourn"]
[EventRounds "9"]
[EventCountry "HUN"]
[Source "chess.hu"]
[WhiteTeam "ASE Paks"]
[BlackTeam "Maroczy SE"]
[WhiteTeamCountry "HUN"]
[BlackTeamCountry "HUN"]

1. Nf3 Nf6 2. g3 g6 3. b3 Bg7 4. Bb2 O-O 5. Bg2 d6 6. c4 e5 7. d3 a5 8. a3 Na6 9. O-O c6 10. Nbd2 Re8 11. b4 Bd7 12. Bc3 axb4 13. axb4 Nc7 14. Qc2 Qe7 15. c5 dxc5 16. Rxa8 Nxa8 17. bxc5 Qxc5 18. Qb2 Qb6 19. Qa1 Qa6 20. Qxa6 bxa6 21. Bxe5 Nd5 22. Bxg7 Kxg7 23. Nd4 Nc3 24. e3 c5 25. N4b3 Na4 26. Ne4 Bb5 27. Nexc5 N8b6 28. Ra1 Rd8 29. d4 Rd6 30. Bf1 Nc3 31. Nxa6 Bc6 32. Rc1 Nbd5 33. Nb4 Ba8 34. Nxd5 Nxd5 35. Bg2 Rb6 36. Nc5 Rb2 37. h4 h5 38. Ra1 Bc6 39. Ra6 Nb4 40. Rxc6 Nxc6 41. Bxc6 Kf6 42. Kg2 Ke7 43. Nd3 Rc2 44. Ne5 Rc1 45. Bd5 1-0

[Event "Szuperliga - GM Szabo Laszlo csoport"]
[Site "Szeged"]
[Date "2024.12.14"]
[Round "3.6"]
[White "Tubak, Daniel"]
[Black "Fodor, Tamas Jr."]
[Result "1/2-1/2"]
[WhiteElo "2210"]
[BlackElo "2527"]
[PlyCount "187"]
[GameId "2124583061391013"]
[EventDate "2024.11.02"]
[EventType "team-tourn"]
[EventRounds "9"]
[EventCountry "HUN"]
[Source "chess.hu"]
[WhiteTeam "Maroczy SE"]
[BlackTeam "ASE Paks"]
[WhiteTeamCountry "HUN"]
[BlackTeamCountry "HUN"]

1. d4 d5 2. Nf3 e6 3. g3 Nf6 4. Bg2 b5 5. b3 Nbd7 6. c4 c6 7. Nbd2 Be7 8. O-O O-O 9. Qc2 bxc4 10. bxc4 Ba6 11. Rd1 Qa5 12. Bf1 Rac8 13. e4 dxe4 14. Nxe4 Nxe4 15. Qxe4 Qa4 16. Bg5 Bxg5 17. Nxg5 Nf6 18. Qe2 Rfd8 19. Nf3 c5 20. dxc5 Rxd1 21. Qxd1 Qa3 22. c6 Rxc6 23. Qd8+ Qf8 24. Qxf8+ Kxf8 25. Nd4 Rc5 26. Nb5 Ne4 27. Nxa7 Nd2 28. Bg2 Rxc4 29. Nc6 Ra4 30. h4 Bb5 31. Ne5 Ra3 32. Rc1 Rxa2 33. Rc7 f6 34. Nf3 Nxf3+ 35. Bxf3 Rd2 36. Be4 f5 37. Bb7 h6 38. Bc8 Re2 39. Bb7 Kg8 40. f4 Kh7 41. Bf3 Rd2 42. Rc5 Be8 43. Re5 Bd7 44. Re2 Rd3 45. Kf2 Kg8 46. Ra2 Kf7 47. Ra7 Kf6 48. Ra6 Bb5 49. Rb6 Bc4 50. Rb4 Rc3 51. Rb6 g5 52. hxg5+ hxg5 53. Rb2 Bb3 54. Rd2 Ke7 55. Bg2 g4 56. Bb7 Bc4 57. Bg2 Bd3 58. Bb7 Bb5 59. Bg2 Bd7 60. Bb7 Kd8 61. Bg2 Kc7 62. Bh1 Bb5 63. Bg2 Bd3 64. Ke3 Bb5+ 65. Kf2 Bc4 66. Bh1 Kb6 67. Bg2 Kc5 68. Rd8 Rc2+ 69. Kg1 Rb2 70. Rd1 Bd5 71. Bf1 Rc2 72. Re1 Kd6 73. Rd1 Ke7 74. Re1 Kf6 75. Re2 Rc1 76. Kf2 Bc4 77. Re1 Rc2+ 78. Kg1 Bd5 79. Re2 Rc3 80. Kh2 Bf3 81. Rd2 e5 82. fxe5+ Kxe5 83. Kg1 f4 84. gxf4+ Kxf4 85. Kf2 Be4 86. Kg1 Kg3 87. Bg2 Bf3 88. Bf1 Rc8 89. Rh2 Rd8 90. Rf2 Rh8 91. Bg2 Rh6 92. Bxf3 gxf3 93. Rg2+ Kf4 94. Rg8 1/2-1/2

[Event "Szuperliga - GM Szabo Laszlo csoport"]
[Site "Szeged"]
[Date "2024.12.14"]
[Round "3.7"]
[White "Kaczur, Florian"]
[Black "Zakarias, David"]
[Result "0-1"]
[WhiteElo "2504"]
[BlackElo "2291"]
[PlyCount "78"]
[GameId "2124585695618955"]
[EventDate "2024.11.02"]
[EventType "team-tourn"]
[EventRounds "9"]
[EventCountry "HUN"]
[Source "chess.hu"]
[WhiteTeam "ASE Paks"]
[BlackTeam "Maroczy SE"]
[WhiteTeamCountry "HUN"]
[BlackTeamCountry "HUN"]

1. e4 Nf6 2. e5 Nd5 3. d4 d6 4. c4 Nb6 5. exd6 cxd6 6. Nc3 g6 7. Be3 Bg7 8. Rc1 O-O 9. b3 Bf5 10. h3 d5 11. c5 e5 12. dxe5 Nc6 13. Nf3 Nd7 14. Be2 Ndxe5 15. Nxd5 Be4 16. Nf4 Nxf3+ 17. gxf3 Bf5 18. Bd3 Bxd3 19. Qxd3 Qh4 20. Ng2 Qh5 21. f4 Qf3 22. O-O Qxh3 23. Qb5 Rab8 24. Rfd1 Qg4 25. Rd5 a6 26. Qf1 Rfd8 27. Rg5 Qf3 28. Ne1 Qe4 29. Kh2 Bf6 30. Rg1 Rd5 31. Rg3 Ne7 32. Qg2 Qe6 33. Rh3 Nf5 34. Nc2 Bc3 35. Qf3 Rbd8 36. Kg1 R8d7 37. a3 Rd3 38. Rb1 Bd2 39. b4 Qa2 0-1

[Event "Szuperliga - GM Szabo Laszlo csoport"]
[Site "Szeged"]
[Date "2024.12.14"]
[Round "3.8"]
[White "Kocsmar, Akos"]
[Black "Krstulovic, Alex"]
[Result "0-1"]
[WhiteElo "2222"]
[BlackElo "2421"]
[PlyCount "76"]
[GameId "2124587056990383"]
[EventDate "2024.11.02"]
[EventType "team-tourn"]
[EventRounds "9"]
[EventCountry "HUN"]
[Source "chess.hu"]
[WhiteTeam "Maroczy SE"]
[BlackTeam "ASE Paks"]
[WhiteTeamCountry "HUN"]
[BlackTeamCountry "HUN"]

1. d4 Nf6 2. c4 d6 3. Nc3 Nbd7 4. e4 e5 5. Be3 Be7 6. d5 Nc5 7. f3 a5 8. Qd2 Nfd7 9. O-O-O O-O 10. Nh3 Nb6 11. g4 a4 12. Nf2 Bd7 13. Nb5 Bh4 14. Kb1 Qf6 15. Qe2 Rfc8 16. Na3 Bg5 17. Bxc5 dxc5 18. h4 Bxh4 19. Nd3 h6 20. Nxc5 Be8 21. Nd3 Nd7 22. c5 c6 23. Rc1 Bg5 24. Rc4 b6 25. dxc6 Rxc6 26. cxb6 Nxb6 27. Rxc6 Bxc6 28. Bg2 Rc8 29. Rd1 Qd6 30. Bf1 Bb7 31. Qe1 Qf6 32. Be2 Ba6 33. Nc2 Bxd3 34. Rxd3 Nc4 35. Rc3 Nd2+ 36. Ka1 Rxc3 37. bxc3 Nxf3 38. Qf2 Qf4 0-1

[Event "Szuperliga - GM Szabo Laszlo csoport"]
[Site "Szeged"]
[Date "2024.12.14"]
[Round "3.9"]
[White "Lazarne Vajda, Szidonia"]
[Black "Kopasz, Robert"]
[Result "0-1"]
[WhiteElo "2295"]
[BlackElo "2241"]
[PlyCount "96"]
[GameId "2124588094880055"]
[EventDate "2024.11.02"]
[EventType "team-tourn"]
[EventRounds "9"]
[EventCountry "HUN"]
[Source "chess.hu"]
[WhiteTeam "ASE Paks"]
[BlackTeam "Maroczy SE"]
[WhiteTeamCountry "HUN"]
[BlackTeamCountry "HUN"]

1. d4 Nf6 2. Nf3 g6 3. g3 Bg7 4. Bg2 O-O 5. c4 d6 6. Nc3 Nbd7 7. O-O e5 8. e4 a5 9. h3 h6 10. Be3 Re8 11. Qc2 exd4 12. Nxd4 Nc5 13. Rad1 Bd7 14. Rfe1 Qc8 15. g4 h5 16. g5 Nh7 17. Kh2 c6 18. f4 Qc7 19. b3 Rad8 20. Rd2 Bc8 21. a3 Nf8 22. b4 axb4 23. axb4 Nce6 24. Nf3 Nh7 25. Kh1 Nef8 26. Nd4 Ne6 27. Nxe6 Bxe6 28. Na4 Qc8 29. Nb6 Qc7 30. f5 Bc8 31. f6 Bf8 32. Nxc8 Qxc8 33. Bf4 d5 34. c5 b6 35. Red1 bxc5 36. bxc5 dxe4 37. Rxd8 Rxd8 38. Rxd8 Qxd8 39. Bxe4 Qd4 40. h4 Bxc5 41. Bh2 Qf2 42. Qd3 Qxh4 43. Bxg6 Nxg5 44. Qd8+ Bf8 45. Bd3 Nf3 46. Bh7+ Kxh7 47. Qd3+ Kh8 48. Qxf3 Bd6 0-1

[Event "Szuperliga - GM Szabo Laszlo csoport"]
[Site "Szeged"]
[Date "2024.12.14"]
[Round "3.10"]
[White "Markus, Molli Amina"]
[Black "Szegedy, Matyas"]
[Result "1/2-1/2"]
[WhiteElo "1925"]
[BlackElo "2276"]
[PlyCount "86"]
[GameId "2124588695964007"]
[EventDate "2024.11.02"]
[EventType "team-tourn"]
[EventRounds "9"]
[EventCountry "HUN"]
[Source "chess.hu"]
[WhiteTeam "Maroczy SE"]
[BlackTeam "ASE Paks"]
[WhiteTeamCountry "HUN"]
[BlackTeamCountry "HUN"]

1. Nf3 d5 2. c4 d4 3. g3 Nc6 4. Bg2 e5 5. d3 Bb4+ 6. Bd2 a5 7. O-O Nf6 8. Bxb4 axb4 9. a4 O-O 10. Nbd2 Bf5 11. h3 Nd7 12. Nb3 Qe7 13. Qc2 Rfd8 14. Kh2 Nf6 15. Nh4 Be6 16. Qd2 Nh5 17. e3 Ra7 18. exd4 Nxd4 19. Nxd4 Rxd4 20. Nf3 Rd8 21. Qe3 Ra5 22. g4 Nf4 23. Nxe5 Nxg2 24. Kxg2 Rxe5 25. Qxe5 Bd5+ 26. Qxd5 Rxd5 27. cxd5 Qe5 28. Rfe1 Qxd5+ 29. f3 g6 30. Rad1 Qb3 31. Rd2 Qxa4 32. h4 Kg7 33. d4 c6 34. Re5 Qa1 35. d5 Qc1 36. Ree2 cxd5 37. Rxd5 Qc4 38. Red2 h6 39. h5 g5 40. R5d4 Qc5 41. Rd5 Qe3 42. R5d3 Qe1 43. Rd7 Qe3 1/2-1/2

[Event "Szuperliga - GM Szabo Laszlo csoport"]
[Site "Gyongyossolymos"]
[Date "2024.12.14"]
[Round "3.1"]
[White "Erdos, Viktor"]
[Black "Horvath, Jozsef"]
[Result "1-0"]
[WhiteElo "2534"]
[BlackElo "2388"]
[PlyCount "63"]
[GameId "2124765660373187"]
[EventDate "2024.11.02"]
[EventType "team-tourn"]
[EventRounds "9"]
[EventCountry "HUN"]
[Source "chess.hu"]
[WhiteTeam "MTK Budapest"]
[BlackTeam "Kekesi SE"]
[WhiteTeamCountry "HUN"]
[BlackTeamCountry "HUN"]

{[%evp 0,33,13,13,11,30,27,25,18,30,34,37,37,38,44,40,15,37,0,33,-34,41,-52,16,16,49,50,57,38,46,-169,40,49,80,70,65]} 1. e4 c5 2. Nf3 Nc6 3. Bb5 g6 4. Bxc6 dxc6 5. d3 Bg7 6. a4 a5 7. O-O b6 8. Re1 e5 9. Na3 Ba6 10. b3 Nf6 11. Bb2 Nd7 12. Nc4 Qc7 13. h4 h5 14. Ng5 Nf8 15. f4 Bxc4 16. bxc4 f6 17. Nf3 exf4 18. e5 f5 19. Ng5 Ke7 20. d4 cxd4 21. Qxd4 Rd8 22. Qxf4 Bh6 23. Rad1 Rxd1 24. Rxd1 Nh7 25. Rd6 Bxg5 26. hxg5 Nf8 27. c5 bxc5 28. Qc4 Qb6 29. Ba3 Qb1+ 30. Kf2 Qa1 31. Qxc5 Ne6 32. Qa7+ 1-0

[Event "Szuperliga - GM Szabo Laszlo csoport"]
[Site "Gyongyossolymos"]
[Date "2024.12.14"]
[Round "3.2"]
[White "Brunello, Sabino"]
[Black "Sahidi, Samir"]
[Result "1-0"]
[WhiteElo "2495"]
[BlackElo "2491"]
[PlyCount "67"]
[GameId "2124765776109795"]
[EventDate "2024.11.02"]
[EventType "team-tourn"]
[EventRounds "9"]
[EventCountry "HUN"]
[Source "chess.hu"]
[WhiteTeam "Kekesi SE"]
[BlackTeam "MTK Budapest"]
[WhiteTeamCountry "HUN"]
[BlackTeamCountry "HUN"]

1. e4 c5 2. Nf3 d6 3. d4 cxd4 4. Nxd4 Nf6 5. Nc3 a6 6. Be3 e5 7. Nb3 Be7 8. f3 Be6 9. Qd2 h5 10. Be2 Nbd7 11. O-O b5 12. Rfd1 O-O 13. a4 b4 14. Nd5 Bxd5 15. exd5 Nb6 16. Na5 Nbxd5 17. Nc6 Qc7 18. Nxe7+ Qxe7 19. Bg5 Rfc8 20. Kh1 Rc5 21. a5 Qd8 22. Bd3 Rxa5 23. Rxa5 Qxa5 24. Bc4 Nb6 25. Bxf6 gxf6 26. Bb3 Kg7 27. Qxd6 Ra7 28. Qd8 Qb5 29. h4 Nc4 30. Qc8 Ne3 31. Rd3 Nf1 32. Rd8 f5 33. Rg8+ Kf6 34. Qd8+ 1-0

[Event "Szuperliga - GM Szabo Laszlo csoport"]
[Site "Gyongyossolymos"]
[Date "2024.12.14"]
[Round "3.3"]
[White "Juhasz, Agoston"]
[Black "Haring, Filip"]
[Result "0-1"]
[WhiteElo "2426"]
[BlackElo "2469"]
[PlyCount "92"]
[GameId "2124765820129523"]
[EventDate "2024.11.02"]
[EventType "team-tourn"]
[EventRounds "9"]
[EventCountry "HUN"]
[Source "chess.hu"]
[WhiteTeam "MTK Budapest"]
[BlackTeam "Kekesi SE"]
[WhiteTeamCountry "HUN"]
[BlackTeamCountry "HUN"]

1. e4 e5 2. Nf3 Nc6 3. Bc4 Nf6 4. d3 h6 5. Nc3 d6 6. a3 g6 7. h3 Bg7 8. Be3 O-O 9. Qd2 Kh7 10. g4 Nd7 11. O-O-O Nd4 12. Bxd4 exd4 13. Ne2 c6 14. Kb1 b5 15. Ba2 Rb8 16. Nfxd4 Qb6 17. c3 a5 18. Nc2 b4 19. axb4 Nc5 20. Qe3 Qb7 21. d4 Na6 22. Bb3 c5 23. Bd5 Qc7 24. b5 Rxb5 25. Na3 Rb8 26. Rd2 cxd4 27. Nxd4 Bd7 28. Rc1 Nc5 29. c4 Bxd4 30. Rxd4 Rb4 31. Rc2 Rfb8 32. Qf3 Ba4 33. Rdd2 Bxc2+ 34. Rxc2 Qe7 35. Nb5 f6 36. Qg3 Rb6 37. f4 Rb3 38. Qh4 Nd3 39. g5 fxg5 40. Qg4 Qg7 41. e5 gxf4 42. c5 R6xb5 43. Bxb3 Rxb3 44. cxd6 Nxe5 45. Qc8 Nd7 46. Re2 Re3 0-1

[Event "Szuperliga - GM Szabo Laszlo csoport"]
[Site "Gyongyossolymos"]
[Date "2024.12.14"]
[Round "3.4"]
[White "To, Nhat Minh"]
[Black "Pribelszky, Bence"]
[Result "1/2-1/2"]
[WhiteElo "2298"]
[BlackElo "2392"]
[PlyCount "105"]
[GameId "2124765969031427"]
[EventDate "2024.11.02"]
[EventType "team-tourn"]
[EventRounds "9"]
[EventCountry "HUN"]
[Source "chess.hu"]
[WhiteTeam "Kekesi SE"]
[BlackTeam "MTK Budapest"]
[WhiteTeamCountry "HUN"]
[BlackTeamCountry "HUN"]

1. d4 g6 2. e4 Bg7 3. Nc3 a6 4. Be3 b5 5. Qd2 Bb7 6. h4 h6 7. O-O-O d6 8. f3 Nd7 9. Kb1 e6 10. g4 Ne7 11. Nh3 c5 12. Ne2 d5 13. Bg2 cxd4 14. Bxd4 e5 15. Bf2 Qc7 16. h5 O-O-O 17. Ng3 Nf6 18. Qe2 g5 19. Rd3 Kb8 20. Rhd1 dxe4 21. fxe4 Rxd3 22. Rxd3 Rd8 23. Bf3 Rxd3 24. Qxd3 Qd7 25. Bc5 Qxd3 26. cxd3 Nfg8 27. Bd1 Bc8 28. Nf2 Bf6 29. Nf5 Be6 30. a4 Kc7 31. axb5 axb5 32. Kc2 Kd7 33. Kc3 Nc6 34. Bb3 Bd8 35. Bd5 Ba5+ 36. b4 Bd8 37. Bf8 Bb6 38. Nd1 Bxf5 39. exf5 Nd8 40. Bc5 Bxc5 41. bxc5 Nf6 42. Ne3 Nxd5+ 43. Nxd5 Kc6 44. Ne7+ Kxc5 45. Ng8 b4+ 46. Kd2 e4 47. dxe4 Nc6 48. Nxh6 Ne5 49. Ng8 Nxg4 50. e5 Nxe5 51. Nf6 g4 52. h6 g3 53. Ne4+ 1/2-1/2

[Event "Szuperliga - GM Szabo Laszlo csoport"]
[Site "Gyongyossolymos"]
[Date "2024.12.14"]
[Round "3.5"]
[White "Papp, Levente"]
[Black "Bakos, Balazs"]
[Result "1-0"]
[WhiteElo "2380"]
[BlackElo "2367"]
[PlyCount "117"]
[GameId "2124766010188051"]
[EventDate "2024.11.02"]
[EventType "team-tourn"]
[EventRounds "9"]
[EventCountry "HUN"]
[Source "chess.hu"]
[WhiteTeam "MTK Budapest"]
[BlackTeam "Kekesi SE"]
[WhiteTeamCountry "HUN"]
[BlackTeamCountry "HUN"]

1. Nf3 d6 2. g3 e5 3. Bg2 g6 4. O-O Bg7 5. c4 Ne7 6. Nc3 O-O 7. d4 exd4 8. Nxd4 Nbc6 9. Nxc6 Nxc6 10. Qd2 Re8 11. b3 Nd4 12. Bb2 Bh3 13. Rae1 Bxg2 14. Kxg2 c6 15. e3 Nf5 16. e4 Nd4 17. Na4 c5 18. Nc3 a6 19. Nd5 b5 20. f4 bxc4 21. bxc4 Rb8 22. Bc3 Nc6 23. f5 Bxc3 24. Qxc3 Re5 25. fxg6 hxg6 26. Nf6+ Kg7 27. Ng4 Qe7 28. Rb1 Rxb1 29. Rxb1 Qe6 30. Nxe5 Nxe5 31. h3 Kh7 32. Rb8 Qe7 33. Qb2 Qe6 34. Qc3 Qe7 35. Rb2 Qe6 36. Rc2 Nc6 37. Re2 Ne5 38. Rc2 Nc6 39. Qe3 Nb4 40. Rd2 Nc6 41. Qd3 Nd4 42. Rb2 Qd7 43. Rb6 a5 44. a3 Kg7 45. Rb5 Nxb5 46. cxb5 a4 47. Qc3+ Kg8 48. Qa5 d5 49. Qa8+ Kg7 50. Qc6 Qe7 51. Qxd5 c4 52. Qd4+ Kg8 53. Qe3 c3 54. Qxc3 Qxe4+ 55. Qf3 Qc2+ 56. Qf2 Qb3 57. Qc5 Qb2+ 58. Kf3 Qf6+ 59. Ke4 1-0